| 000 | 00392 a2200169 4500 | ||
|---|---|---|---|
| 001 | 190376 | ||
| 020 | _a978-85-7326-343-5 | ||
| 040 | _cMagnum | ||
| 100 | _aNesbit, Edith | ||
| 240 | 1 | 0 |
_aCinco crianças e um segredo _lpor |
| 245 | 1 | 0 | _aCinco crianças e um segredo |
| 300 | _a288 | ||
| 362 | 0 | _a2010 | |
| 440 | 1 | _aEditora 34 | |
| 697 | _aLITERATURA JUVENIL ESTRANGEIRA | ||
| 942 | _cBK | ||
| 999 |
_c190376 _d190376 |
||